<?xml version="1.0" encoding="UTF-8"?>
<record
    xmlns:xsi="http://www.w3.org/2001/XMLSchema-instance"
    xsi:schemaLocation="http://www.loc.gov/MARC21/slim http://www.loc.gov/standards/marcxml/schema/MARC21slim.xsd"
    xmlns="http://www.loc.gov/MARC21/slim">

  <leader>01541nam a22002177a 4500</leader>
  <controlfield tag="005">20260610105608.0</controlfield>
  <controlfield tag="008">260610s2017    |||||||| |||| 00| 0 eng d</controlfield>
  <datafield tag="020" ind1=" " ind2=" ">
    <subfield code="a">9783319633749</subfield>
  </datafield>
  <datafield tag="040" ind1=" " ind2=" ">
    <subfield code="c">PK-LaUMT</subfield>
  </datafield>
  <datafield tag="082" ind1=" " ind2=" ">
    <subfield code="a">153.12</subfield>
    <subfield code="b">PEN-R</subfield>
  </datafield>
  <datafield tag="100" ind1="1" ind2=" ">
    <subfield code="a">Pendergrast, Mark</subfield>
    <subfield code="9">12638</subfield>
  </datafield>
  <datafield tag="245" ind1="1" ind2="4">
    <subfield code="a">The repressed memory epidemic :</subfield>
    <subfield code="b">how it happened and what we need to learn from it /</subfield>
    <subfield code="c">Mark Pendergrast</subfield>
  </datafield>
  <datafield tag="260" ind1=" " ind2=" ">
    <subfield code="a">Cham :</subfield>
    <subfield code="b">Springer,</subfield>
    <subfield code="c">2017</subfield>
  </datafield>
  <datafield tag="300" ind1=" " ind2=" ">
    <subfield code="a">xxxii, 628 p.</subfield>
  </datafield>
  <datafield tag="500" ind1=" " ind2=" ">
    <subfield code="a">Includes bibliographical references and index.</subfield>
  </datafield>
  <datafield tag="520" ind1=" " ind2=" ">
    <subfield code="a">This book offers a comprehensive overview of the concept of repressed memories. It provides a history and context that documents key events that have had an effect on the way that modern psychology and psychotherapy have developed. Chapters provide an overview of how human memory functions and works and examine facets of the misguided theories behind repressed memory. The book also examines the science of the brain, the reconstructive nature of human memory, and studies of suggestibility. It traces the present-day resurgence of a belief in repressed memories in the general public as well as among many clinical psychologists, psychiatrists, social workers, "body workers," and others who offer counseling. It concludes with legal and professional recommendations and advice for individuals who deal with or have dealt with the psychotherapeutic practice of repressed memory therapy.</subfield>
  </datafield>
  <datafield tag="546" ind1=" " ind2=" ">
    <subfield code="a">Eng</subfield>
  </datafield>
  <datafield tag="650" ind1=" " ind2=" ">
    <subfield code="a">False memory</subfield>
    <subfield code="9">12639</subfield>
  </datafield>
  <datafield tag="650" ind1=" " ind2=" ">
    <subfield code="a">Memory (Psychology)</subfield>
    <subfield code="9">12640</subfield>
  </datafield>
  <datafield tag="942" ind1=" " ind2=" ">
    <subfield code="c">BK</subfield>
  </datafield>
  <datafield tag="999" ind1=" " ind2=" ">
    <subfield code="c">141091</subfield>
    <subfield code="d">141091</subfield>
  </datafield>
  <datafield tag="952" ind1=" " ind2=" ">
    <subfield code="0">0</subfield>
    <subfield code="1">0</subfield>
    <subfield code="4">0</subfield>
    <subfield code="7">0</subfield>
    <subfield code="a">01</subfield>
    <subfield code="b">01</subfield>
    <subfield code="d">2026-06-10</subfield>
    <subfield code="l">0</subfield>
    <subfield code="o">153.12 PEN-R</subfield>
    <subfield code="p">153081</subfield>
    <subfield code="r">2026-06-10 10:56:22</subfield>
    <subfield code="w">2026-06-10</subfield>
    <subfield code="y">BK</subfield>
  </datafield>
</record>
